|
|
|
|
| LEADER |
00000nas a22000007a 4500 |
| 001 |
ssj0011454 |
| 003 |
WaSeSS |
| 005 |
20200512172242.0 |
| 006 |
m d |
| 007 |
cr n |
| 008 |
001206c19839999paubr pss 0 a0eng c |
| 010 |
|
|
|a 00213200
|
| 016 |
7 |
|
|a 2041648-9
|2 DE-600
|
| 016 |
7 |
|
|a 012431975
|2 Uk
|
| 022 |
|
|
|a 1532-8171
|l 0735-6757
|y 0735-6757
|
| 035 |
|
|
|a (WaSeSS)ssj0011454
|
| 040 |
|
|
|a NSD
|b eng
|c NSD
|d MXC
|d OCLCQ
|d CUS
|d OCLCQ
|d OCL
|d GUA
|d AU@
|d OCLCS
|d TEF
|d OCLCQ
|d TEF
|d DLC
|d OCLCQ
|d OPELS
|d OCLCF
|d VT2
|d OCLCQ
|d DLC
|d BUF
|d U3W
|d EZC
|d FQM
|d WYU
|d UKMGB
|d AUD
|d TKN
|d LEAUB
|d WaSeSS
|
| 042 |
|
|
|a nsdp
|a pcc
|
| 050 |
|
4 |
|a RC86
|
| 060 |
0 |
0 |
|a W1
|b AM451C
|
| 082 |
1 |
0 |
|a 616
|2 13
|
| 130 |
0 |
|
|a American journal of emergency medicine (Online)
|
| 210 |
0 |
|
|a Am. j. emerg. med.
|b (Online)
|
| 222 |
|
4 |
|a The American journal of emergency medicine
|b (Online)
|
| 245 |
1 |
4 |
|a The American journal of emergency medicine
|h [electronic resource].
|
| 260 |
|
|
|a Philadelphia, Pa. :
|b Centrum Philadelphia,
|c 1983-
|
| 310 |
|
|
|a Seven no. a year,
|b <Jan. 1997->
|
| 321 |
|
|
|a Bimonthly,
|b 1983-
|
| 362 |
0 |
|
|a Vol. 1, no. 1 (July 1983)-
|
| 500 |
|
|
|a Published by: W.B. Saunders, <1997->; Orlando, FL. : Elsevier, <2004->
|
| 500 |
|
|
|a Title from contents page (ScienceDirect, viewed Oct. 18, 2005).
|
| 506 |
|
|
|a License restrictions may limit access.
|
| 588 |
|
|
|a Latest issue consulted: Vol. 23, issue 6 (Oct. 2005), viewed Oct. 18, 2005.
|
| 650 |
|
0 |
|a Emergency medicine
|v Periodicals.
|
| 650 |
|
7 |
|a Emergency medicine.
|2 fast
|0 (OCoLC)fst00908615
|
| 650 |
|
2 |
|a Emergencies
|v Periodicals.
|
| 650 |
|
2 |
|a Emergency Medicine
|v Periodicals.
|
| 655 |
|
0 |
|a Electronic journals.
|
| 776 |
0 |
8 |
|i Print version:
|t American journal of emergency medicine
|x 0735-6757
|w (DLC) 2016207563
|w (OCoLC)8996781
|
| 856 |
4 |
0 |
|z Full text available from Research Library: 01/01/2003 to 2 months ago
|u https://search.proquest.com/publication/1216387
|